• 首页
  • 本馆介绍
  • 公告通知
  • 最新文献
  • 馆藏检索
  • 电子资源
  • 读者导购
  • 参考咨询
  • 我的图书馆
  • 登录
  • 详细信息显示
  • 放入我的书架
  • 预约/预借图书
  • 作者相关作品
  • 分类相关作品
  • 丛书相关作品
  • 出版社相关作品

书目信息

  • 表格格式
  • 工作单格式
  • 卡片格式
题名:
大学生心理健康教程
    
 
作者: 谭芳 主编
分册:  
出版信息: 北京   化学工业出版社  2016.09
页数: 233页
开本: 26cm
丛书名:
单 册:
中图分类: B444
科图分类:
主题词: 大学生--心理健康--健康教育--高等教育--教材
电子资源:
ISBN: 978-7-122-27476-2
000 00939nam0 2200265 450
001 0120161980451
005 20170911084141.92
010    @a978-7-122-27476-2@dCNY33.00
100    @a20160831d2016 em y0chiy50 ea
101 0  @achi
102    @aCN@b110000
105    @aak z 000yy
106    @ar
200 1  @a大学生心理健康教程@9da xue sheng xin li jian kang jiao cheng@f谭芳主编
205    @a2版
210    @a北京@c化学工业出版社@d2016.09
215    @a233页@c图@d26cm
300    @a普通高等教育“十三五”规划教材
330    @a本书依据教育部相关文件的基本要求,介绍了大学生心理健康的相关知识。本书共分10章,包括心理健康概述、自我意识、情绪、应对挫折、人际交往、人格、学习心理、网络心理、恋爱心理及心理危机的相关知识。
333    @a高校师生
606 0  @a大学生@x心理健康@x健康教育@x高等教育@j教材
690    @aB444@v5
701  0 @a谭芳@9tan fang@4主编
801  0 @aCN@b人天书店@c20160831
905    @b1075584-89@dB444@e82=2@f6
    
    大学生心理健康教程/谭芳主编.-2版.-北京:化学工业出版社,2016.09
    233页:图;26cm
    普通高等教育“十三五”规划教材.-使用对象:高校师生
    
    ISBN 978-7-122-27476-2:CNY33.00
    本书依据教育部相关文件的基本要求,介绍了大学生心理健康的相关知识。本书共分10章,包括心理健康概述、自我意识、情绪、应对挫折、人际交往、人格、学习心理、网络心理、恋爱心理及心理危机的相关知识。
●
相关链接 在E读中查询图书 在五车中查询图书 在当当中查询图书 在豆瓣中查询图书


正题名:大学生心理健康教程     索取号:B444/82=2         预约/预借

序号 登录号 条形码 馆藏地/架位号 状态 备注
1 1075584   210755841   第一样本阅览室/ [索取号:B444/82=2] 在馆    
2 1075585   210755850   密集书库-马院/ [索取号:B444/82=2] 在馆    
3 1075586   210755869   第一借阅区/ [索取号:B444/82=2] 在馆    
4 1075587   210755878   第一借阅区/ [索取号:B444/82=2] 在馆    
5 1075588   210755887   第一借阅区/ [索取号:B444/82=2] 在馆    
6 1075589   210755896   第一借阅区/ [索取号:B444/82=2] 在馆    
唐山师范学院图书馆 欢迎您!
大连网信软件有限公司© 版权所有